Movies Quiz

Random Movies or Star Wars Quiz

Star Wars Characters by Bad Description Quiz Stats

Quiz not verified by Sporcle

Challenge
Share
Tweet
Embed
Score 0/20 Timer 03:00
0 Plays Today
Description Character % Correct
Beep BoopR2-D2
95.2%
Indiana JonesHan Solo
94.4%
The Whiny Main KidLuke Skywalker
93.1%
The Creepy Old Evil DudeEmperor Palpatine
91.5%
The British RobotC-3PO
91.1%
The Little Green OneMaster Yoda
91.1%
Stupid Hair GirlLeia Skywalker
91.1%
The Creepy Old Good DudeObi-Wan Kenobi
89.9%
Silent Jetpack GuyBoba Fett
89.9%
Red SpikyfaceDarth Maul
88.7%
Description Character % Correct
That's James Earl Jones, Right?Darth Vader
88.3%
Keira KnightleyPadmé Amidala
83.1%
The Only Black GuyLando Calrissian
83.1%
SlugboyJabba the Hutt
80.6%
SarumanCount Dooku
75.8%
Taken With a PonytailQui-Gon Jinn
75%
Snakes on a PlaneMace Windu
74.2%
Green Bug ManGreedo
70.6%
Cousin IttChewbacca
64.9%
RoboskullGeneral Grievous
60.1%

You're not logged in!

Compare scores with friends on all Sporcle quizzes.
Sign Up with Email
OR
Log In

You Might Also Like...

Show Comments

Extras

Top Quizzes Today


Score Distribution

Your Account Isn't Verified!

In order to create a playlist on Sporcle, you need to verify the email address you used during registration. Go to your Sporcle Settings to finish the process.

Report this User

Report this user for behavior that violates our Community Guidelines.

Details: